|
|
|
|
| LEADER |
00000nam a22000007a 4500 |
| 005 |
20120423120722.0 |
| 007 |
cr|||| |||| |
| 008 |
120423s2011 co |||||s|||| 00||0 spa d |
| 020 |
|
|
|a 978-958-648-715-3
|
| 035 |
|
|
|a 6219
|
| 040 |
|
|
|a vLex
|
| 090 |
|
|
|c 3131
|d 3131
|
| 100 |
1 |
|
|a Vargas Restrepo, Carlos
|
| 245 |
1 |
0 |
|a Contabilidad tributaria
|h [Recurso electrn̤ico] /
|c Carlos Mario Vargas Restrepo
|
| 256 |
|
|
|a Servicio en ln̕ea
|
| 260 |
|
|
|a Bogot ̀:
|b Ecoe ediciones,
|c 2011
|
| 300 |
|
|
|a 1 recurso electrn̤ico
|
| 490 |
0 |
|
|a Ciencias Administrativas
|
| 500 |
|
|
|a Presenta aspectos ter̤icos y prc̀ticos en torno a la contabilidad tributaria que ayuden a la labor de quienes estǹ inmersos en este mundo y en los impuestos, para as ̕aplicar de manera adecuada las disposiciones normativas en cada uno de ellos. Expone de manera ter̤ico prc̀tica, los principales elementos de la contabilidad tributaria. Hace la contextualizacin̤ de esta materia y se plantea el concepto y m̀bito de aplicacin̤ del subsistema.
|
| 506 |
1 |
|
|a Contenido solo disponible en los productos indicados
|d vLex Global
|d vLex Global (Academic Edition, excluding Law Schools)
|d vLex Global (U.S. Academic Edition, Law Schools)
|d vLex Global (U.S. Academic Edition, excluding Law Schools)
|d vLex Global (Academic Edition, Law Schools)
|
| 650 |
0 |
4 |
|a Contabilidad
|z Colombia
|
| 650 |
0 |
4 |
|a Derecho tributario
|z Colombia
|
| 740 |
0 |
|
|a vLex Libros (Servicio en ln̕ea)
|
| 856 |
4 |
0 |
|u http://vlex.com/source/contabilidad-tributaria-6219
|z Acceso restringido
|
| 942 |
|
|
|c BOOK
|
| 999 |
0 |
|
|a Accounting
|